| 000 -LEADER |
| fixed length control field |
00337nam a22001457a 4500 |
| 008 - FIXED-LENGTH DATA ELEMENTS--GENERAL INFORMATION |
| fixed length control field |
210309b ||||| |||| 00| 0 eng d |
| 020 ## - INTERNATIONAL STANDARD BOOK NUMBER |
| International Standard Book Number |
139781305077898 |
| 041 ## - LANGUAGE CODE |
| Language code of text/sound track or separate title |
eng |
| 080 ## - UNIVERSAL DECIMAL CLASSIFICATION NUMBER |
| Universal Decimal Classification number |
51 |
| 082 ## - DEWEY DECIMAL CLASSIFICATION NUMBER |
| Edition number |
51 |
| 100 ## - Rafti |
| Rafti |
37 |
| 101 ## - Shkurtesa |
| Shkurtesa |
MAT |
| 245 ## - TITLE STATEMENT |
| Title |
Mathematical Excursions |
| Statement of responsibility, etc |
Aufmann, Lockwood , Nation , Clegg |
| 942 ## - ADDED ENTRY ELEMENTS (KOHA) |
| Source of classification or shelving scheme |
|
| Item type |
Books |